[Event "Olympiad Women 2024"]
[Site "Budapest HUN"]
[Date "2024.09.14"]
[Round "4.25"]
[Board "1"]
[White "Alinasab, Mobina"]
[Black "Lindiawati, Evi"]
[Result "1-0"]
[WhiteElo "2336"]
[BlackElo "1940"]
[PlyCount "65"]
[EventDate "2024.09.11"]
[WhiteTeam "Iran"]
[BlackTeam "Indonesia"]
[WhiteTeamCountry "IRI"]
[BlackTeamCountry "INA"]

1. e4 d5 2. exd5 Qxd5 3. Nc3 Qa5 4. d4 c6 5. Nf3 Nf6 6. Bc4 Bg4 7. h3 Bxf3 8. Qxf3 e6 9. Bd2 Qc7 10. O-O-O Nbd7 11. g4 Nb6 12. Bb3 Bd6 ({RR} 12... O-O-O 13. g5 Nfd5 14. Ne4 Bb4 15. c4 Bxd2+ 16. Rxd2 Nf4 17. c5 Nbd5 18. Nd6+ Kb8 19. Bxd5 Nxd5 20. Qxf7 Rd7 21. Qf3 Qa5 22. Qb3 Rf8 23. Nc4 Qb4 24. Qxb4 Nxb4 25. a3 Na6 26. Re1 Nc7 27. Nd6 {½-½ Ambrosi,E (2128)-Lindiawati,E (2121) Olympiad Women-38 2008 (8)}) 13. Kb1 a5 $146 ({RR} 13... Nbd5 14. g5 Nxc3+ 15. Bxc3 Nd5 16. Bd2 b5 17. h4 a5 18. Rde1 O-O-O 19. a4 bxa4 20. Bxa4 Bf4 21. Bxf4 Nxf4 22. Rd1 Nd5 23. c4 Nb6 24. Bxc6 Nxc4 25. Bb5 Kb8 26. Rd3 Nb6 27. Rc1 Qe7 28. Qg3+ {1-0 Svetushkin,D (2569)-Azaladze,S (2466) Isthmia op-A 2nd 2012 (4)}) ({RR} 13... Nbd5 14. Ne2 b5 15. g5 Nd7 16. h4 N7b6 17. h5 O-O-O 18. Ba5 Qe7 19. Bxb6 axb6 20. Rhg1 b4 21. c4 bxc3 22. Nxc3 Kb7 23. Rc1 Bb8 24. Ne4 Rc8 25. a3 Rhd8 26. h6 g6 27. Rc2 Qc7 28. Rgc1 {1-0 Martinez Alcantara,J (2612)-Nakamura,H (2802) chess.com SpeedChess 2024 (1.6)}) ({RR} 13... O-O-O 14. g5 Nfd5 15. Ne4 Bb4 16. c3 Ba5 17. Bc1 Qd7 18. c4 Nc7 19. Bf4 Kb8 20. Be5 Rdg8 21. a3 Ka8 22. Ba2 Na6 23. Nc5 Nxc5 24. dxc5 Nd5 25. cxd5 cxd5 26. b4 Bc7 27. Qc3 Bxe5 28. Qxe5 {1-0 Nestorovic,N (2424)-Pezelj,S (1957) SRB-ch U18 Vrnjacka Banja 2007 (9)}) 14. a3 a4 15. Ba2 Nbd5 16. Nxd5 cxd5 17. c4 dxc4 18. Rc1 O-O 19. Bxc4 Qc6 20. Qxc6 bxc6 21. Bd3 Rfc8 22. Rc2 Rab8 23. Ka2 e5 24. Rhc1 exd4 25. Rxc6 Rxc6 26. Rxc6 Bf8 27. Rc4 Nd7 28. Rxd4 Nc5 29. Bc2 Ra8 30. Rc4 f6 31. Bb4 Nd7 32. Bxf8 Kxf8 33. Rxa4 1-0

[Event "Olympiad Women 2024"]
[Site "Budapest HUN"]
[Date "2024.09.14"]
[Round "4.25"]
[Board "2"]
[White "Nugroho, Angel Ruth"]
[Black "Karimi, Setayesh"]
[Result "0-1"]
[WhiteElo "1939"]
[BlackElo "2105"]
[PlyCount "106"]
[EventDate "2024.09.11"]
[WhiteTeam "Indonesia"]
[BlackTeam "Iran"]
[WhiteTeamCountry "INA"]
[BlackTeamCountry "IRI"]

1. d4 Nf6 2. Bf4 g6 3. Nc3 d5 4. e3 a6 5. h4 Bg7 6. Bd3 ({RR} 6. h5 Nxh5 7. Rxh5 gxh5 8. Qxh5 e6 9. Nf3 Nd7 10. Qh2 c5 11. O-O-O cxd4 12. exd4 Nf8 13. Bc7 Qd7 14. Bd3 Ng6 15. Rh1 b5 16. Ba5 Bb7 17. Ne2 Qe7 18. a3 Rc8 19. Bxg6 fxg6 20. Nf4 Qd6 {1-0 Gajewski,G (2603)-Socko,B (2619) Polish World Cup Qual rapid 2021 (9)}) ({RR} 6. Qd2 b5 7. Be2 h5 8. Nf3 Bb7 9. Ne5 Nbd7 10. Bf3 Nb6 11. a4 b4 12. Ne2 a5 13. b3 O-O 14. O-O Ne4 15. Bxe4 dxe4 16. Ng3 c5 17. Rad1 cxd4 18. exd4 Rc8 19. Rfe1 Nd5 20. Nxe4 Nxf4 {½-½ Chitre Arush (2210)-Boruchovsky,A (2528) Titled Tue 2nd Jan Early 2024 (10)}) 6... c5 7. Nf3 Bg4 $146 ({RR} 7... Nc6 8. Qd2 cxd4 9. exd4 Bg4 10. Ne5 Nxd4 11. Bxg6 hxg6 12. Qxd4 Be6 13. O-O-O Ng4 14. f3 Nxe5 15. Bxe5 Bxe5 16. Qxe5 Rh5 17. Qd4 Qa5 18. g4 Rh7 19. Kb1 O-O-O 20. Ne2 Rdh8 21. Nf4 Rxh4 22. Qxh8+ {1-0 Aashman,G (2235)-Cervantes Landeiro,T (2249) Titled Tue 31st Oct Early 2023 (4)}) ({RR} 7... Nc6 8. Ne5 cxd4 9. Nxc6 bxc6 10. exd4 Qb6 11. Be5 Qxb2 12. Na4 Qa3 13. c3 h5 14. O-O O-O 15. Bf4 e6 16. Rb1 Nd7 17. Qc2 Qe7 18. Nb6 Nxb6 19. Rxb6 Qxh4 20. Bd6 Qd8 21. Rxc6 Bb7 22. Bxf8 {0-1 Masruri,R (2299)-Kopylov,D (2317) Titled Tue 12th Sep Early 2023 (1)}) 8. Be2 Nc6 9. Ne5 Bxe2 10. Qxe2 Qb6 11. O-O-O Rc8 12. g4 cxd4 13. exd4 Nb4 14. f3 Qa5 15. Kb1 Rxc3 16. bxc3 Nxa2 17. Bd2 Nxc3+ 18. Bxc3 Qxc3 19. Qd3 Qc7 20. h5 O-O 21. hxg6 fxg6 22. Rh3 Qb6+ 23. Kc1 Rc8 24. Qa3 Bf8 25. Rd3 e6 26. Qb3 Qc7 27. Kb2 b5 28. Rc3 Qb7 29. Rxc8 Qxc8 30. Qc3 Qe8 31. Qc7 Qe7 32. Qxe7 Bxe7 33. Nc6 Bd6 34. Rh1 Ne8 35. Re1 Nc7 36. Nd8 Bg3 37. Re2 h5 38. Nxe6 Nxe6 39. Rxe6 Kf7 40. Rxa6 h4 41. Ra1 Kf6 42. Kc3 Kg5 43. Kd2 h3 44. Ke3 h2 45. c3 Kh4 46. f4 Kxg4 47. Rh1 Bxf4+ 48. Kf2 Kh3 49. Ra1 Bg3+ 50. Kf3 g5 51. Rb1 g4+ 52. Ke3 Kg2 53. Rb2+ Kf1 0-1

[Event "Olympiad Women 2024"]
[Site "Budapest HUN"]
[Date "2024.09.14"]
[Round "4.25"]
[Board "3"]
[White "Behzad Nazif, Parva"]
[Black "Yuliana, Evi"]
[Result "1/2-1/2"]
[WhiteElo "2092"]
[BlackElo "1912"]
[PlyCount "112"]
[EventDate "2024.09.11"]
[WhiteTeam "Iran"]
[BlackTeam "Indonesia"]
[WhiteTeamCountry "IRI"]
[BlackTeamCountry "INA"]

1. d4 Nf6 2. Nf3 g6 3. c4 Bg7 4. g3 c5 5. d5 O-O 6. Nc3 d6 7. Bg2 e6 8. O-O exd5 9. cxd5 a6 10. a4 Re8 11. Nd2 Nbd7 12. e4 Rb8 13. a5 b5 14. axb6 Nxb6 15. h3 Bd7 16. Re1 Nh5 $146 ({RR} 16... Bb5 17. f4 Nh5 18. Qf3 Bd4+ 19. Kh1 f5 20. Nxb5 axb5 21. Nf1 Nf6 22. e5 dxe5 23. fxe5 Bxe5 24. d6 Qxd6 25. Qb3+ Nc4 26. Bg5 Kh8 27. Rad1 Qb6 28. Re2 Bd4 29. Rde1 Rxe2 30. Rxe2 Ne4 31. Bxe4 {0-1 Ortiz Verdezoto,A (2205)-Narva,M (2421) 25th Sants Open 2024 (9.21)}) 17. Nb3 Bxc3 18. bxc3 Ba4 19. c4 Qf6 20. Bd2 Nxc4 21. Rxa4 Nb2 22. Qa1 Nxa4 23. Qxa4 Qb2 24. Re3 Rec8 25. Bf1 Rxb3 26. Rxb3 Qxd2 27. Qxa6 Rd8 28. Qb6 Qg5 29. Qc7 Qf6 30. Rb6 Ng7 31. Qxc5 Ne8 32. Qb4 Qe5 33. Bg2 g5 34. Qb2 Qxb2 35. Rxb2 Kg7 36. f4 Kf6 37. Rb6 h6 38. Bf1 Ke7 39. Kf2 Nf6 40. Ke3 Ra8 41. Rb7+ Kf8 42. Rb3 Re8 43. Bd3 Nxd5+ 44. Kd4 Nf6 45. fxg5 hxg5 46. Rb5 Nh7 47. Rf5 Kg7 48. Rd5 Re6 49. Bb5 Nf6 50. Rxg5+ Kh6 51. Rf5 Nxe4 52. g4 Ng5 53. Bd3 Re1 54. Kc3 Rh1 55. Rf6+ Kg7 56. Rxd6 Rxh3 1/2-1/2

[Event "Olympiad Women 2024"]
[Site "Budapest HUN"]
[Date "2024.09.14"]
[Round "4.25"]
[Board "4"]
[White "Adeline, Clementia"]
[Black "Hamedi Nia, Vesal"]
[Result "0-1"]
[WhiteElo "1550"]
[BlackElo "1986"]
[PlyCount "118"]
[EventDate "2024.09.11"]
[WhiteTeam "Indonesia"]
[BlackTeam "Iran"]
[WhiteTeamCountry "INA"]
[BlackTeamCountry "IRI"]

1. d4 Nf6 2. c4 e6 3. Nc3 d5 4. cxd5 exd5 5. Bg5 c6 6. e3 Bd6 7. Bd3 O-O 8. Nge2 Re8 9. h3 Nbd7 10. O-O h6 ({RR} 10... Nf8 11. Qd2 b5 12. Bf4 Ng6 13. Bxg6 hxg6 14. f3 Bf8 15. Nc1 Nd7 16. Nd3 a5 17. Rfe1 a4 18. b4 a3 19. Qf2 Nb6 20. Rad1 g5 21. Bg3 Nc4 22. Nc5 Qf6 23. Rc1 Bxc5 24. dxc5 Nb2 25. Qd2 {0-1 Stremavicius,T (2543)-Szpar,M (2491) 49th Seville Open 2024 (8.2)}) 11. Bh4 Nf8 12. Qd2 $146 ({RR} 12. Qc2 Ne6 13. Rae1 Ng5 14. Kh1 Qc7 15. Ng3 Bd7 16. f4 Ngh7 17. Nh5 Nxh5 18. Bxh7+ Kh8 19. g4 g6 20. Bxg6 fxg6 21. Qxg6 Re6 22. Qxh5 Rf8 23. g5 Rf5 24. e4 dxe4 25. Rxe4 Be8 26. Qg4 Qf7 {1-0 Cardoso Cardoso,J (2325)-Tirado,J (2122) COL-chT Cartagena 2019 (2.4)}) 12... b5 13. f3 b4 14. Nd1 Ne6 15. Rc1 Bd7 16. Bxf6 Qxf6 17. Ba6 Ng5 18. Nf2 Qxf3 19. gxf3 Nxf3+ 20. Kg2 Nxd2 21. Rfd1 Ne4 22. Bb7 Rad8 23. Bxc6 Nf6 24. Kf3 Re6 25. Bxd7 Nxd7 26. Rd2 Rde8 27. Nd1 Rf6+ 28. Kg2 Rg6+ 29. Kf1 Ree6 30. Rc8+ Kh7 31. Rdc2 Nb6 32. b3 Nxc8 33. Rxc8 Ref6+ 34. Ke1 Bg3+ 35. Kd2 Ra6 36. Rc2 h5 37. Kd3 h4 38. e4 dxe4+ 39. Kxe4 Rae6+ 40. Kd3 Rgf6 41. d5 Rd6 42. Rc5 Ra6 43. Rc2 Ra5 44. Kc4 Bd6 45. Rd2 Rf3 46. Kd4 Rf5 47. Ke4 Re5+ 48. Kf3 Raxd5 49. Rxd5 Rxd5 50. Nf2 f5 51. Nc1 g5 52. Ncd3 Ra5 53. Nd1 Rxa2 54. Ne3 Kg6 55. Nc4 Be7 56. Nde5+ Kf6 57. Nc6 Rh2 58. Nd4 Bc5 59. Ke3 Rxh3+ 0-1

[Event "Olympiad Women 2024"]
[Site "Budapest HUN"]
[Date "2024.09.14"]
[Round "4.26"]
[Board "1"]
[White "Tan, Li Ting"]
[Black "Narva, Mai"]
[Result "1/2-1/2"]
[WhiteElo "2037"]
[BlackElo "2420"]
[PlyCount "104"]
[EventDate "2024.09.11"]
[WhiteTeam "Malaysia"]
[BlackTeam "Estonia"]
[WhiteTeamCountry "MAS"]
[BlackTeamCountry "EST"]

1. d4 {ChessBase} Nf6 2. c4 e6 3. Nc3 Bb4 4. f3 d5 5. a3 Bxc3+ 6. bxc3 b6 7. Bg5 h6 ({RR} 7... O-O 8. e3 Ba6 9. cxd5 Bxf1 10. Kxf1 exd5 11. Ne2 h6 12. Bxf6 Qxf6 13. Kf2 Re8 14. Re1 Nc6 15. Nf4 Rad8 16. Kg1 Na5 17. Qd3 c6 18. Rf1 Nc4 19. Rae1 Nxe3 20. Rxe3 Qxf4 21. Rfe1 Rxe3 22. Rxe3 {0-1 Vitenberg,N (2298)-Henderson de la Fuente,L (2491) Titled Tuesday intern op 15th Sept blitz 2020 (9)}) ({RR} 7... Bb7 8. e3 h6 9. Bh4 Nbd7 10. Bd3 c5 11. Ne2 Rc8 12. cxd5 exd5 13. O-O O-O 14. Bf5 g5 15. Bf2 cxd4 16. cxd4 Ne8 17. Ng3 Nd6 18. Qd3 Rc6 19. e4 Qc8 20. Qb1 Rc3 21. e5 Nc4 22. Nh5 {1-0 Zor,E (1734)-Dirikolu,D (1974) Turkish Cup 2024 (9.32)}) 8. Bh4 Ba6 9. Qa4+ $146 ({RR} 9. e4 Bxc4 ({RR} 9... dxe4 10. fxe4 g5 11. Bg3 Nxe4 12. Be5 Nd7) ({RR} 9... g5 10. Bg3 dxe4 11. Be5 Nbd7 12. Qa4 Bb7 13. h4 gxh4 ({RR} 13... O-O 14. hxg5 hxg5 15. Qxd7) 14. Rxh4 Nd5) 10. Bxc4 dxc4 11. Qa4+ Qd7 12. Qxc4 Qc6 ({RR} 12... Nc6 13. Ne2 Na5 14. Qd3 Qc6 15. O-O O-O-O 16. Rab1 ({RR} 16. e5 g5 17. exf6 gxh4 18. Qe4 Qc4 ({RR} 18... Qxe4 19. fxe4 e5 ({RR} 19... h3))) 16... g5 17. Bg3 Nh5 18. f4 f6 19. Rb4 Rhg8 20. f5 e5 21. d5 Nxg3 22. Nxg3 Qc5+ 23. Kh1 Kb7 24. Rfb1 c6) 13. Qd3 Nbd7 14. Ne2 Rd8 ({RR} 14... O-O-O 15. c4 Ne5 16. Qc3 Nxc4 17. Rc1 b5 18. a4 a6 19. O-O) ({RR} 14... O-O 15. c4 ({RR} 15. O-O) 15... e5 16. O-O Rad8 17. Bf2) 15. O-O a5 ({RR} 15... Ne5 16. Qc2 Nc4 17. d5 exd5 18. Nd4) 16. Qc2 ({RR} 16. f4 Nc5 17. Qc4 Qxe4 18. Bxf6 gxf6 19. f5 Qd3 20. Qxd3 Nxd3 21. Rab1 e5 22. Rf3 Nf4 23. Nxf4 exf4 24. Rxf4) 16... Qc4 17. f4 ({RR} 17. e5 g5 18. exf6 gxh4 19. Rfe1 Nxf6 20. Nf4 O-O 21. Qd2 Kh7 22. Nd3 Nd5 23. Rac1 Ne7 24. Ne5 Qd5 25. Qf4) 17... Rc8 18. f5 e5 19. dxe5 Qxe4 ({RR} 19... Qc5+ 20. Bf2 ({RR} 20. Nd4 Nxe5 21. Bf2 Nfg4 22. Ne6 Qd6 23. Nf4 Nxf2 24. Qxf2 Rd8 25. Qg3 O-O 26. Nh5 g5 27. Rfd1 Qc5+ 28. Kh1 Rxd1+ 29. Rxd1 Qe7 30. f6 Qe6 31. h3) 20... Qxe5 21. Bd4 Qxe4 22. Qxe4+ Nxe4 23. Bxg7 Rh7 24. f6 Ndc5 25. Rad1 Nd6 26. Nd4 Kd7) ({RR} 19... Nxe5 20. Nf4 Nfd7 21. Rad1 O-O 22. Nd5 Qc5+ 23. Kh1 f6 24. Bf2 Qxa3 25. Ra1 Qd6 26. Rfd1 Nc5 27. Nf4 Qc6 28. Bxc5 Qxc5 29. Ne6 Qe3 30. Nxf8 Rxf8) 20. exf6 Qxc2 21. fxg7 Rg8 22. Nd4 Qe4 ({RR} 22... Qa4 23. Rae1+ Ne5 24. Rxe5+ Kd7 25. Rd5+ Ke8 26. Re1#) ({RR} 22... Qd2 23. Rfe1+ Ne5 24. Rxe5+ Kd7 25. Rd5+ Ke8 26. Re1+ Qxe1+ 27. Bxe1) 23. Rae1 Nc5 {1-0 Lilienthal,A-Capablanca,J Christmas Congress 1934/35-15 Premier (5)}) ({RR} 9. Bxf6 Qxf6 10. Qa4+ c6 11. e3 O-O 12. f4 c5 13. Nf3 Rc8 14. cxd5 Bxf1 15. Rxf1 exd5 16. Kf2 cxd4 17. cxd4 Qc6 18. Qxc6 Nxc6 19. Rfc1 f6 20. Rab1 Kf7 21. Ke2 Ke6 22. Kd3 Kd6 {½-½ Szromba,K (2185)-Tworuszka,S (2004) POL-chT U19 2nd League 2001 (7)}) 9... Qd7 10. Qxd7+ Nbxd7 11. cxd5 Nxd5 12. Kd2 e5 13. Nh3 g5 14. Bf2 g4 15. Ng1 f5 16. e4 Bxf1 17. Rxf1 fxe4 18. fxe4 N5f6 19. Kd3 c5 20. Bh4 O-O 21. Bxf6 Nxf6 22. Ne2 cxd4 23. cxd4 exd4 24. Rf4 Nd7 25. Kxd4 Rfd8 26. Rxg4+ Kh7 27. Ke3 Ne5 28. Rg3 Rd3+ 29. Kf4 Ng6+ 30. Kg4 Rd2 31. Nf4 Ne5+ 32. Kf5 Nd7 33. Nd5 Rf8+ 34. Ke6 Nc5+ 35. Ke7 Nxe4 36. Kxf8 Nxg3 37. Nf6+ Kg6 38. hxg3 Kxf6 39. Rxh6+ Kg5 40. Rh7 Rd8+ 41. Ke7 Rd3 42. a4 a5 43. Ke6 Rd4 44. Rh4 Rd2 45. Rh8 Rxg2 46. Rg8+ Kh5 47. Kd5 Ra2 48. Kc6 Rxa4 49. Kxb6 Ra1 50. Ra8 Kg4 51. Rxa5 Rxa5 52. Kxa5 Kxg3 1/2-1/2

[Event "Olympiad Women 2024"]
[Site "Budapest HUN"]
[Date "2024.09.14"]
[Round "4.26"]
[Board "2"]
[White "Olde, Margareth"]
[Black "Azhar, Puteri Munajjah Az-Zahraa"]
[Result "1-0"]
[WhiteElo "2135"]
[BlackElo "2014"]
[PlyCount "63"]
[EventDate "2024.09.11"]
[WhiteTeam "Estonia"]
[BlackTeam "Malaysia"]
[WhiteTeamCountry "EST"]
[BlackTeamCountry "MAS"]

1. d4 Nf6 2. c4 e6 3. Nf3 d5 4. g3 Bb4+ 5. Bd2 Be7 6. Bg2 O-O 7. Qc2 c6 8. O-O Nbd7 9. Bf4 b6 10. Rd1 Ba6 11. b3 Rc8 12. Nc3 h6 13. e4 dxc4 14. Nd2 b5 ({RR} 14... g5 15. Be3 Ng4 16. Nxc4 c5 17. d5 Bxc4 18. bxc4 Nxe3 19. fxe3 Qe8 20. Rab1 Ne5 21. Qe2 Bf6 22. Rb3 Qe7 23. Nb1 g4 24. Rf1 Bg7 25. h3 h5 26. hxg4 hxg4 27. Nd2 Qd7 28. Rf4 Qa4 29. a3 {0-1 Olde,M (2179)-Urkedal,F (2525) Kragero Resort Chess 2024 (1.10)}) 15. bxc4 bxc4 16. h3 g5 $146 ({RR} 16... Qa5 17. Rab1 Bb4 18. Ne2 Nb6 19. Kh1 Bb5 20. Rg1 c5 21. d5 exd5 22. exd5 Nfxd5 23. Ne4 c3 24. Nd6 Ba4 25. Qf5 Nxf4 26. gxf4 c4 27. Rxb4 Rc5 28. Qg4 Qxb4 29. Bd5 g5 30. fxg5 h5 31. Bxf7+ {½-½ Bronstein,O (2378)-Gagare,S (2058) Pardubice Czech op-A 30th 2019 (9)}) ({RR} 16... Nb6 17. a4 Qxd4 18. a5 Nbd7 19. Nf3 Qc5 20. Be3 Qh5 21. g4 Qg6 22. Nh4 Qh7 23. f4 Nd5 24. Nf5 Nxe3 25. Nxe7+ Kh8 26. Qd2 Nxd1 27. Rxd1 Nf6 28. Nxc8 Rxc8 29. Qf2 Qg8 30. Qxa7 Ra8 31. Qb6 {½-½ Kociscak,J (2487)-Druska,J (2443) SVK-chT 1819 2018 (2.1)}) 17. Be3 Qa5 18. Nf3 Bb4 19. Bd2 Qa3 20. Nb1 Qa5 21. Nc3 Qa3 22. h4 g4 23. Ne5 Bxc3 24. Bxc3 Rfd8 25. Nxd7 Rxd7 26. d5 Qe7 27. d6 Qd8 28. Qd2 Kg7 29. Qf4 Kg6 30. f3 c5 31. fxg4 Bb7 32. h5+ 1-0

[Event "Olympiad Women 2024"]
[Site "Budapest HUN"]
[Date "2024.09.14"]
[Round "4.26"]
[Board "3"]
[White "Nithyalakshmi, Sivanesan"]
[Black "Narva, Triin"]
[Result "0-1"]
[WhiteElo "1912"]
[BlackElo "2066"]
[PlyCount "110"]
[EventDate "2024.09.11"]
[WhiteTeam "Malaysia"]
[BlackTeam "Estonia"]
[WhiteTeamCountry "MAS"]
[BlackTeamCountry "EST"]

1. e4 c5 2. Nc3 Nc6 3. Bb5 Nd4 4. Nf3 a6 5. Bd3 g6 6. Nxd4 cxd4 7. Ne2 Bg7 8. O-O d5 9. exd5 Qxd5 10. c3 Bd7 ({RR} 10... e5 11. cxd4 Ne7 12. b3 O-O 13. Ba3 Re8 14. Bc4 Qa5 15. Bxe7 Rxe7 16. dxe5 Qxe5 17. Nc3 b5 18. Bd5 Raa7 19. Bf3 Be6 20. Rc1 Rac7 21. Re1 Qd4 22. Re4 Qd6 23. h3 Bd4 24. Ne2 Rxc1 25. Qxc1 {1-0 Allaert,D (2202)-Schneider,H (2129) Bruges Masters Open 2024 (6.5)}) 11. Qb3 Qxb3 12. axb3 Bc6 13. Nxd4 $146 ({RR} 13. b4 Rd8 14. Bc4 Nh6 15. d3 Nf5 16. Bf4 O-O 17. Bc7 Rd7 18. Bb6 Rc8 19. Rfc1 dxc3 20. bxc3 Nd6 21. f3 Bb5 22. Bxb5 Nxb5 23. d4 Nd6 24. Bc5 Nc4 25. b5 b6 26. Ba3 axb5 27. Rcb1 e5 {0-1 Hari,M (2418)-Vakhidov,J (2618) 29th Abu Dhabi Masters 2023 (6.18)}) ({RR} 13. b4 Rd8 14. c4 e5 15. b5 axb5 16. cxb5 Bd5 17. Re1 Ne7 18. Ng3 f5 19. b3 Bxb3 20. Ba3 Kf7 21. b6 Bd5 22. Bb5 Nc6 23. d3 Rhe8 24. f3 Re6 25. Bc5 Rc8 26. Nf1 Bh6 27. Re2 Nb8 {0-1 Cobic,V (2365)-Holm,K (2456) Belgrade Spring GM1 2021 (7)}) 13... Bxd4 14. cxd4 Rd8 15. Bc4 Nh6 16. Ra5 Rxd4 17. d3 Nf5 18. Be3 Rd7 19. Rc5 O-O 20. Bxa6 Bxg2 21. Kxg2 bxa6 22. d4 Rb8 23. Rc3 Rdb7 24. Bf4 Rd8 25. Ra1 f6 26. Rxa6 Rxd4 27. Be3 Rg4+ 28. Kf3 Rg1 29. Rb6 Rd7 30. b4 Rdd1 31. b5 Nh4+ 32. Ke4 Kf7 33. h3 f5+ 34. Ke5 Nf3+ 35. Kf4 Ng5 36. Ke5 Nxh3 37. Bd4 Rg4 38. Rxh3 Re4+ 39. Kd5 Rdxd4+ 40. Kc6 h5 41. Rb8 Rc4+ 42. Kb6 Rc2 43. b3 Rxf2 44. Rc8 Rfe2 45. Rcc3 f4 46. Ka7 Rb4 47. Kb6 Re5 48. Rc5 Re3 49. Rc3 Rbe4 50. Kc5 Rxh3 51. Rxh3 Re3 52. Rh4 g5 53. Rxh5 Kg6 54. Rh8 Rxb3 55. Rg8+ Kf5 0-1

[Event "Olympiad Women 2024"]
[Site "Budapest HUN"]
[Date "2024.09.14"]
[Round "4.26"]
[Board "4"]
[White "Olde, Grete"]
[Black "Mohd Tarmizi, Nur Uzma Bazilah"]
[Result "1/2-1/2"]
[WhiteElo "1952"]
[BlackElo "1756"]
[PlyCount "147"]
[EventDate "2024.09.11"]
[WhiteTeam "Estonia"]
[BlackTeam "Malaysia"]
[WhiteTeamCountry "EST"]
[BlackTeamCountry "MAS"]

1. e4 c5 2. c3 Nf6 3. e5 Nd5 4. d4 cxd4 5. Nf3 d6 6. cxd4 Nc6 7. Bc4 Nb6 8. Bb5 Bd7 9. Nc3 e6 10. O-O a6 11. Bd3 d5 ({RR} 11... Nb4 12. Bg5 Qb8 13. Bb1 h6 14. Bh4 d5 15. Nd2 Nc6 16. Nb3 Nc4 17. f4 Ne3 18. Qh5 Nxf1 19. Bg6 Nd8 20. Rxf1 Be7 21. Bxe7 Kxe7 22. f5 b6 23. f6+ gxf6 24. Qh4 Ke8 25. Qxf6 Rf8 26. Nd2 {1-0 Bortnyk,O (2604)-Abdusattorov,N (2688) Chess.com Rapid Wk23 Swiss 2022 (8)}) 12. Be3 ({RR} 12. a3 Rc8 13. Re1 Be7 14. Qe2 Na5 15. Bf4 Nbc4 16. b4 Nc6 17. Bxc4 dxc4 18. d5 exd5 19. Nxd5 Be6 20. Nxe7 Qxe7 21. Red1 h6 22. Rd6 O-O 23. Qe3 Rfd8 24. Rad1 Rxd6 25. exd6 Qd7 26. Bxh6 Re8 {1-0 Manish Anto,C (2303)-Guzman Lozano,C (1837) Titled Tue 20th Feb Early 2024 (7)}) 12... Be7 13. Bb1 $146 ({RR} 13. Qd2 Nb4 14. Be2 Nc4 15. Bxc4 dxc4 16. a3 Nd5 17. Nxd5 exd5 18. Bg5 O-O 19. Bxe7 Qxe7 20. Ne1 f6 21. Nc2 fxe5 22. dxe5 Qxe5 23. Nb4 d4 24. Rae1 Qc5 25. Re4 d3 26. Qc3 Rac8 27. b3 a5 {0-1 Kanyamarala,T (2325)-Chigaev,M (2631) Titled Tuesday intern op 22 Mar Early blitz 2022 (3)}) 13... Nc4 14. Bc1 b5 15. h3 Qb6 16. Ne2 f6 17. b3 N4a5 18. exf6 gxf6 19. Nf4 O-O-O 20. Re1 Rde8 21. Nh5 Reg8 22. Be3 Qc7 23. Kh1 Be8 24. Nf4 Qd7 25. Bd2 Bf7 26. a4 b4 27. Bd3 Kb7 28. Rb1 Bd6 29. Qe2 e5 30. dxe5 fxe5 31. Bxa6+ Ka8 32. Bb5 exf4 33. Rec1 Qb7 34. Bxc6 Nxc6 35. a5 Re8 36. Qf1 Na7 37. Nd4 Be5 38. Nf3 Bd6 39. Nd4 Rc8 40. Re1 Rhe8 41. Red1 Bg6 42. Rbc1 Be5 43. Nf3 Bd6 44. Nd4 Bc5 45. Bxf4 Bxd4 46. Rxd4 Rxc1 47. Qxc1 Nc6 48. Rxd5 Be4 49. a6 Qc8 50. Rg5 Qxh3+ 51. Kg1 Qxb3 52. Qc5 Qd1+ 53. Kh2 Qd4 54. Qb5 Qd7 55. f3 Bd3 56. Qc5 Bxa6 57. Rg7 Re7 58. Rg8+ Kb7 59. Rg4 Qd4 60. Qxd4 Nxd4 61. Bd6 Nxf3+ 62. gxf3 Re2+ 63. Kg3 b3 64. Rb4+ Kc6 65. Rxb3 Kxd6 66. Rb6+ Ke5 67. Rxa6 Kf5 68. Rh6 Re7 69. Rh5+ Kg6 70. Kg4 Rb7 71. f4 Rb1 72. Rg5+ Kf6 73. Rf5+ Kg6 74. Rg5+ 1/2-1/2

[Event "Olympiad Women 2024"]
[Site "Budapest HUN"]
[Date "2024.09.14"]
[Round "4.27"]
[Board "1"]
[White "Cori T., Deysi"]
[Black "Nassr, Lina"]
[Result "1-0"]
[WhiteElo "2366"]
[BlackElo "2010"]
[PlyCount "95"]
[EventDate "2024.09.11"]
[WhiteTeam "Peru"]
[BlackTeam "Algeria"]
[WhiteTeamCountry "PER"]
[BlackTeamCountry "ALG"]

1. Nf3 d5 2. g3 Nf6 3. Bg2 e6 4. O-O Be7 5. c4 O-O 6. b3 c5 7. Bb2 Nc6 8. cxd5 Nxd5 9. Nc3 b6 10. d4 Bb7 11. dxc5 Nxc3 12. Bxc3 Bxc5 13. Qc1 $146 ({RR} 13. Qc2 Qe7 14. Rad1 Rfd8 15. h4 f6 16. h5 Nb4 17. Bxb4 Bxb4 18. Nh4 Rac8 19. Rxd8+ Qxd8 20. Rd1 Qe8 21. Qd3 Bxg2 22. Nxg2 Bf8 23. Qe4 Rc6 24. Nf4 Qc8 25. Kg2 e5 26. Nd5 Qe8 27. Ne3 Rc8 {1-0 Gausel,E (2490)-Thorhallsson,T (2420) Reykjavik zt 1995 (5)}) ({RR} 13. Ne5 Qc7 14. Qd7 Rac8 15. Rad1 Nxe5 16. Qxc7 Nf3+ 17. Bxf3 Rxc7 18. Bxb7 Rxb7 19. Rd3 Rc8 20. Rfd1 Bf8 21. Kg2 f6 22. a4 Rbc7 23. Bd2 Kf7 24. a5 Ke8 25. axb6 axb6 26. Be3 Bc5 27. Bxc5 bxc5 {½-½ Hangweyrer,M (2378)-Fernandez,D (2200) Vienna op 16th 2009 (6)}) 13... Qe7 14. a3 a5 15. Qb2 f6 16. Nd2 Rfd8 17. e3 b5 18. Ne4 b4 19. axb4 axb4 20. Bxf6 gxf6 21. Rac1 Bd6 22. Nxf6+ Kf7 23. Ng4 Qg5 24. Qe2 h5 25. Bxc6 Bxc6 26. Nh6+ Qxh6 27. Rxc6 Rac8 28. Qf3+ Kg8 29. Rd1 Rxc6 30. Qxc6 e5 31. Qc4+ Kf8 32. Rd5 Qf6 33. Qe4 Kg7 34. Kg2 Rf8 35. f4 Re8 36. Qd3 e4 37. Qb5 Rb8 38. Qd7+ Be7 39. Re5 Kf7 40. Rf5 Rd8 41. Rxf6+ Kxf6 42. Qc6+ Kf7 43. Qxe4 Rd2+ 44. Kh3 Rb2 45. Qh7+ Ke6 46. Qxh5 Rd2 47. e4 Bf6 48. Qf5+ 1-0

[Event "Olympiad Women 2024"]
[Site "Budapest HUN"]
[Date "2024.09.14"]
[Round "4.27"]
[Board "2"]
[White "Latreche, Sabrina"]
[Black "Aliaga Fernandez, Ingrid Y"]
[Result "0-1"]
[WhiteElo "2030"]
[BlackElo "2111"]
[PlyCount "76"]
[EventDate "2024.09.11"]
[WhiteTeam "Algeria"]
[BlackTeam "Peru"]
[WhiteTeamCountry "ALG"]
[BlackTeamCountry "PER"]

1. e4 c5 2. Nf3 e6 3. d4 cxd4 4. Nxd4 Nc6 5. Be3 Nf6 6. Nc3 Qc7 7. g3 a6 8. Bg2 Ne5 ({RR} 8... Bb4 9. O-O Bxc3 10. bxc3 Ne5 11. f4 Nc4 12. Bc1 d6 13. g4 e5 14. Nf5 Bxf5 15. exf5 O-O-O 16. g5 Nd7 17. Rb1 Ndb6 18. Kh1 Rhe8 19. fxe5 dxe5 20. Qe2 Nd5 21. Rb3 e4 22. g6 hxg6 23. fxg6 {0-1 Thorhallsson,T (2489)-Milos,G (2620) Cappelle op 16th 2000 (5)}) ({RR} 8... Bb4 9. O-O O-O 10. Nxc6 bxc6 11. Ne2 d5 12. exd5 cxd5 13. c3 Bc5 14. Bf4 Bd6 15. Bg5 Nd7 16. Nd4 Bb7 17. Re1 h6 18. Bc1 Ne5 19. Qh5 Nd3 20. Rxe6 fxe6 21. Nxe6 Qf7 22. Qxf7+ Rxf7 23. Be3 {½-½ Yakovlev,E (2166)-Grahn,V (2247) Titled Tue 9th Apr Early 2024 (2)}) 9. O-O d6 10. a4 Be7 11. Nf3 $146 ({RR} 11. Kh1 Bd7 12. f4 Nc4 13. Bc1 O-O 14. g4 h6 15. b3 Ne3 16. Bxe3 Qxc3 17. Bg1 Rac8 18. Rf3 Qc7 19. Rf2 d5 20. exd5 exd5 21. h3 Ne4 22. Bxe4 dxe4 23. c4 Bf6 24. Raa2 Rcd8 25. Rf1 Bc6 {0-1 Alberton,R-Drei,A (2305) Marostica op 1997}) 11... Nc4 12. Bc1 O-O 13. b3 Ne5 14. Bb2 b6 15. Nd4 Bb7 16. Qe2 Nc6 17. Nf3 Rac8 18. Rfd1 Rfd8 19. Rac1 Nd7 20. Nb1 Qb8 21. h4 Nde5 22. Nxe5 dxe5 23. Qg4 Nd4 24. f4 f5 25. Qh5 Bc5 26. Kh1 Bxe4 27. Bxe4 fxe4 28. Qxe5 Qxe5 29. fxe5 Nf5 30. g4 Nxh4 31. Re1 e3 32. Ba3 Rd4 33. Bxc5 Rxc5 34. Rxe3 Rxg4 35. Nd2 Nf5 36. Ree1 Rc3 37. Nf1 Rh3+ 38. Nh2 Rgh4 0-1